| 000 | 00375 a2200157 4500 | ||
|---|---|---|---|
| 001 | 67285 | ||
| 020 | _a8574740535 (broch.) | ||
| 040 | _cAnchieta - Pituba | ||
| 100 | _aMeyer Junior, Victor. | ||
| 240 | 1 | 0 |
_aDinossauros, gazelas & tigres _lpor |
| 245 | 1 | 0 | _aDinossauros, gazelas & tigres |
| 300 | _a175p. | ||
| 362 | 0 | _a2000 | |
| 650 | 4 | _aEnsino superior | |
| 942 | _cBK | ||
| 999 |
_c67285 _d67285 |
||